Words of the Alphabet Quiz Stats

 Plays Quiz not verified by Sporcle

Challenge
Share
Tweet
Embed
Score 0/14 Timer 05:00
0 Plays Today
Letter Words of the Alphabet % Correct
TTea
98.2%
BBee
97%
UYou
95.8%
CSee
95.8%
GGee
95.2%
YWhy
95.2%
OOh
94.6%
Letter Words of the Alphabet % Correct
LEl
93.4%
XEx
91%
RAre
90.4%
DDee
88.6%
QQueue
80.8%
AEh
64.1%
MEmm
60.5%

You're not logged in!

Compare scores with friends on all Sporcle quizzes.
Join for Free
OR
Log In

You Might Also Like...

Show Comments

Extras

Created Jan 26, 2010ReportNominate
Tags:Alphabet Quiz, Letter Quiz

Top Quizzes Today


Score Distribution

Your Account Isn't Verified!

In order to create a playlist on Sporcle, you need to verify the email address you used during registration. Go to your Sporcle Settings to finish the process.

Report this User

Report this user for behavior that violates our Community Guidelines.

Details: